Microsoft 365 Applications - Statistics

General Stats
  • This quiz has been taken 50 times
  • The average score is 9 of 21
Answer Stats
Picture Answer % Correct
Teams
97%
Word
97%
Excel
94%
Outlook
94%
PowerPoint
94%
OneNote
59%
Access
53%
SharePoint
47%
Forms
32%
Lens
29%
To Do
29%
Power BI
26%
Publisher
26%
Visio
26%
Yammer
21%
Stream
18%
Bookings
15%
Delve
15%
Loop
12%
Project
12%
Sway
12%
No matching quizzes found
Score Distribution
Percent of People with Each Score
Percentile by Number Answered
Your Score History
You have not taken this quiz